| 000 | 01079nam a2200289 c 4500 | ||
|---|---|---|---|
| 003 | BLK | ||
| 005 | 20230513030345.0 | ||
| 008 | 180412b bul|||||r ||||||| ||bul|| | ||
| 010 | _aKNG00007698000 | ||
| 040 | _aBLK | ||
| 041 |
_aBUL _cBUL |
||
| 080 |
_aАмериканска литература (на САЩ) _b821.111(73) _x-312.4 _z821.111(73)-312.4 |
||
| 100 | 1 |
_aКорнуел, Патриша Д. _eпърви автор _9243055 |
|
| 700 | 1 |
_aЧизмарова, Елена Николова _eпрев. от англ. _9141741 |
|
| 139 |
_aКорнуел, Патриша Д. _bК 85 |
||
| 245 | 1 | 0 |
_aДвойни убийства _bКримин. роман _cПатриша Д. Корнуел; прев. от англ. Елена Чизмарова. |
| 257 | _aUSA | ||
| 260 |
_аСофия _bАтика _c1995 |
||
| 300 |
_a287 с. _c20 см |
||
| 380 | _aX | ||
| 500 | _aОриг. загл. All that remains / Patricia D. Cornwell. | ||
| 852 | _aЦб 183067 | ||
| 856 | 4 |
_qpdf _u |
|
| 856 | 4 |
_qpdf _u |
|
| 942 |
_cKNG _n0 |
||
| 944 |
_aCR _c15.01.2003 _kВиолета_Тройчева |
||
| 944 |
_aED _c14.02.2011 _k |
||
| 999 |
_c6461 _d6461 |
||